00735nam a22002057a 4500999001900000005001700019010001200036020002500048035001100073037001300084082000800097100005100105245007600156246004900232260003200281270004900313300002100362942002800383952011800411 c105513d10551320230607171149.0 aUR-9625 a9788178987866c45.00 aU-8180 bDBAD/PUB a270 aمو لا نا وحیدا لد ین خا ن  aتجد ید د ین / cمو لا نا وحیدا لد ین خا ن  aTajdeed-e-Deen /bby Moulana Wahiduddin Khan aNoidabGoodword Booksc2015 aA-21,Sector 4bNoidae201301k+91-8588822672 a87 صc22cm(pbk) 2ddccURh270mو ح ی  001040708NFICaAVbAVd2016-12-26eDBAD/PUBg45.00l0o270 و ح یpU-8180r2016-12-26 00:00:00t1v45.00yUR